000 00333 a2200157 4500
001 72739
020 _a9788532275233
040 _cAnchieta - Colégio São Paulo
100 _aAlencar, José de
240 1 0 _aSenhora
_lpor
245 1 0 _aSenhora
300 _a336
362 0 _a2013
650 4 _aFicção brasileira
942 _cBK
999 _c72739
_d72739